Obras selectas del Derecho Procesal / (Record no. 33951)
[ view plain ]
| 000 -LEADER | |
|---|---|
| fixed length control field | 01003nam a22002537a 4500 |
| 005 - DATE AND TIME OF LATEST TRANSACTION | |
| control field | 20180919090705.0 |
| 008 - FIXED-LENGTH DATA ELEMENTS--GENERAL INFORMATION | |
| fixed length control field | 121018t cr||||| |||| 00| 0 spa d |
| 020 ## - INTERNATIONAL STANDARD BOOK NUMBER | |
| International Standard Book Number | 9968380849 ( Obras completa ) |
| 020 ## - INTERNATIONAL STANDARD BOOK NUMBER | |
| International Standard Book Number | 996838030X ( V. 1 ) |
| 020 ## - INTERNATIONAL STANDARD BOOK NUMBER | |
| International Standard Book Number | 9968380326 ( V. 2 ) |
| 050 04 - LIBRARY OF CONGRESS CALL NUMBER | |
| Classification number | KJC3815 |
| Item number | O27 2001 |
| 245 00 - TITLE STATEMENT | |
| Title | Obras selectas del Derecho Procesal / |
| Statement of responsibility, etc | Pierre Lampué, Mario Vellani ; traducción y notas de Jesús Toral Moreno |
| 250 ## - EDITION STATEMENT | |
| Edition statement | 1a ed. |
| 260 ## - PUBLICATION, DISTRIBUTION, ETC. (IMPRINT) | |
| Place of publication, distribution, etc | México : |
| Name of publisher, distributor, etc | Editorial Jurídica Universitaria, |
| Date of publication, distribution, etc | 2001 |
| 300 ## - PHYSICAL DESCRIPTION | |
| Extent | 2 v. ; |
| Dimensions | 28 cm. |
| 490 0# - SERIES STATEMENT | |
| Series statement | Biblioteca grandes maestros del derecho |
| 504 ## - BIBLIOGRAPHY, ETC. NOTE | |
| Bibliography, etc | Incluye apéndice, bibliografia e índice |
| 505 0# - FORMATTED CONTENTS NOTE | |
| Formatted contents note | Contenido : V.1 Noción de acto jurisdiccional / Pierre Lampué. -- V.2 Naturaleza de la cosa juzgada / Mario Vellani. |
| 650 #7 - SUBJECT ADDED ENTRY--TOPICAL TERM | |
| Source of heading or term | LEMB. |
| Topical term or geographic name as entry element | Procedimiento civil |
| Geographic subdivision | Europa |
| 700 1# - ADDED ENTRY--PERSONAL NAME | |
| Personal name | Lampué, Pierre, |
| Relator term | coaut. |
| 700 1# - ADDED ENTRY--PERSONAL NAME | |
| Personal name | Vellani, Mario, |
| Relator term | coaut. |
| 700 1# - ADDED ENTRY--PERSONAL NAME | |
| Personal name | Toral Moreno, Jesus, |
| Relator term | tr. |
| 942 ## - ADDED ENTRY ELEMENTS (KOHA) | |
| Source of classification or shelving scheme | Biblioteca del Cogreso de los Estados Unidos |
| Koha item type | Libro |
| Estado de pérdida | Fuente de clasificación | Estado del daño | No para préstamo | Ubicación permanente | Ubicación actual | Apartado o colección | Fecha de adquisición | Fuente de adquisición | Área del conocimiento | Clasificación | Código de Barras | Date last seen | Número de copia | Tipo de recurso | Edición | Enumeración de Serie / Cronológica | Dependencia de educación superior (DES) |
|---|---|---|---|---|---|---|---|---|---|---|---|---|---|---|---|---|---|
| Biblioteca del Cogreso de los Estados Unidos | Biblioteca Campus Lázaro Cardenas | Biblioteca Campus Lázaro Cardenas | General | 18/10/2012 | KJC3815 O27 r2008 V.1 | BCLC000000503 | 18/10/2012 | 1 | Libro | ||||||||
| Biblioteca del Cogreso de los Estados Unidos | Biblioteca Campus Lázaro Cardenas | Biblioteca Campus Lázaro Cardenas | General | 18/10/2012 | KJC3815 O27 r2008 V.2 | BCLC000000504 | 18/10/2012 | 1 | Libro | ||||||||
| Biblioteca del Cogreso de los Estados Unidos | Biblioteca Campus Lázaro Cardenas | Biblioteca Campus Lázaro Cardenas | General | 18/10/2012 | KJC3815 O27 r2008 V.1 | BCLC000000505 | 18/10/2012 | 2 | Libro | ||||||||
| Biblioteca del Cogreso de los Estados Unidos | Biblioteca Campus Lázaro Cardenas | Biblioteca Campus Lázaro Cardenas | General | 18/10/2012 | KJC3815 O27 r2008 V.2 | BCLC000000506 | 18/10/2012 | 2 | Libro | ||||||||
| Biblioteca del Cogreso de los Estados Unidos | Biblioteca Campus Lázaro Cardenas | Biblioteca Campus Lázaro Cardenas | General | 18/10/2012 | KJC3815 O27 r2008 V.1 | BCLC000000507 | 18/10/2012 | 3 | Libro | ||||||||
| Biblioteca del Cogreso de los Estados Unidos | Biblioteca Campus Lázaro Cardenas | Biblioteca Campus Lázaro Cardenas | General | 18/10/2012 | KJC3815 O27 r2008 V.2 | BCLC000000508 | 18/10/2012 | 3 | Libro | ||||||||
| Biblioteca del Cogreso de los Estados Unidos | Biblioteca Campus Lázaro Cardenas | Biblioteca Campus Lázaro Cardenas | General | 21/11/2012 | KJC3815 O27 r2008 V.1 | BCLC000001565 | 21/11/2012 | 4 | Libro | ||||||||
| Biblioteca del Cogreso de los Estados Unidos | Biblioteca Campus Lázaro Cardenas | Biblioteca Campus Lázaro Cardenas | General | 21/11/2012 | KJC3815 O27 r2008 V.2 | BCLC000001566 | 21/11/2012 | 4 | Libro | ||||||||
| Biblioteca del Cogreso de los Estados Unidos | Biblioteca de la Facultad de Derecho y Ciencias Sociales "Felipe J. Tena" | Biblioteca de la Facultad de Derecho y Ciencias Sociales "Felipe J. Tena" | Consulta | 28/08/2018 | Ciencias Sociales y Administrativas | KJC3815 O27 2001 V.1 | BFD000010716 | 28/08/2018 | 1 | Libro | 1a ed. | BFD000010716 | Derecho | ||||
| Biblioteca del Cogreso de los Estados Unidos | Biblioteca de la Facultad de Derecho y Ciencias Sociales "Felipe J. Tena" | Biblioteca de la Facultad de Derecho y Ciencias Sociales "Felipe J. Tena" | Consulta | 28/08/2018 | Ciencias Sociales y Administrativas | KJC3815 O27 2001 V.2 | BFD000010717 | 28/08/2018 | 1 | Libro | 1a ed. | BFD000010717 | Derecho |